| 000 | 00631nam a22002297a 4500 | ||
|---|---|---|---|
| 003 | UA-OsUOA | ||
| 001 | 136898 | ||
| 007 | ta | ||
| 008 | 20190410b un ||||| |||| 00| 0 ukr d | ||
| 100 | _aКаллістов Д. | ||
| 090 |
_a936 _bК17 |
||
| 942 | _cBK | ||
| 040 |
_aUA-OsUOA _bukr _cUA-OsUOA _dUA-OsUOA |
||
| 245 | _aПівнічне Причорномор'я в античну епоху | ||
| 300 | _a173 с. | ||
| 955 | _a2 | ||
| 041 | _aukr | ||
| 080 | _a936 | ||
| 260 |
_aК. _bРадянська школа _c1953 |
||
| 650 | 7 |
_a9 Географія. Біографії. Історія _2UDC |
|
| 999 |
_c421527 _d421527 |
||